[Event "Paul Keres mem. (45th) Online"]
[Site "chess.com"]
[Date "2021.05.23"]
[Round "4.3"]
[White "McLaren, Brian"]
[Black "Pan, Kane"]
[Result "0-1"]
[WhiteElo "2244"]
[BlackElo "1348"]
[PlyCount "156"]
[EventDate "2021.05.22"]
[EventType "swiss (rapid)"]
[EventRounds "6"]
[EventCountry "CAN"]

1. e4 c5 2. Nc3 a6 3. g4 d6 4. Bg2 Nc6 5. h3 g6 6. Nge2 Bg7 7. d3 Bd7 8. Be3 h5
9. g5 Nd4 10. Qd2 Rc8 11. f4 e6 12. O-O Ne7 13. h4 O-O 14. Ng3 b5 15. Nd1 b4
16. c3 Ndc6 17. Nf2 a5 18. Rac1 a4 19. Ne2 a3 20. bxa3 bxc3 21. Nxc3 Qa5 22.
Nb1 Qa6 23. e5 Nf5 24. exd6 Nxe3 25. Qxe3 Nd4 26. Kh2 Qxd6 27. Ne4 Qb6 28. Nbd2
Bc6 29. Nc4 Qa7 30. Qd2 Bd5 31. Qa5 Qe7 32. Ncd6 Rc6 33. Nc4 Kh8 34. Ne5 Bxe5
35. fxe5 Rb8 36. Rf2 Nf5 37. Kh3 Rc7 38. Rxc5 Rxc5 39. Qxc5 Bxe4 40. Qxe7 Bxg2+
41. Kxg2 Nxe7 42. Rxf7 Nf5 43. Rf6 Rb6 44. Rf8+ Kg7 45. Re8 Rb2+ 46. Kh3 Kf7
47. Rd8 Rxa2 48. Ra8 Ke7 49. Ra7+ Kd8 50. a4 Ra3 51. a5 Rxd3+ 52. Kg2 Nxh4+ 53.
Kf2 Rd2+ 54. Ke3 Ra2 55. a6 Nf5+ 56. Ke4 Kc8 57. Ra8+ Kc7 58. a7 Kb7 59. Re8
Rxa7 60. Rxe6 Ra4+ 61. Kd3 Ra6 62. Re8 h4 63. Rh8 Ra3+ 64. Ke4 Kc6 65. Rg8 Ne7
66. Rh8 h3 67. Kf4 Nf5 68. Kg4 Rg3+ 69. Kf4 Kd5 70. Rd8+ Ke6 71. Re8+ Kf7 72.
Rh8 Kg7 73. Rh4 Rf3+ 74. Kxf3 Nxh4+ 75. Kg3 Nf5+ 76. Kxh3 Kf7 77. Kg4 Ke6 78.
Kf4 Ne7 0-1

[Event "Paul Keres mem. (45th) Online"]
[Site "chess.com"]
[Date "2021.05.23"]
[Round "4.4"]
[White "Brown, Gabriel"]
[Black "Kot, Emanuel"]
[Result "0-1"]
[WhiteElo "2053"]
[BlackElo "1975"]
[PlyCount "128"]
[EventDate "2021.05.22"]
[EventType "swiss (rapid)"]
[EventRounds "6"]
[EventCountry "CAN"]

1. c4 e5 2. g3 Nf6 3. Bg2 d5 4. cxd5 Nxd5 5. Nc3 Nb6 6. Nf3 Nc6 7. O-O Be7 8.
a3 O-O 9. b4 a6 10. d3 Re8 11. Bb2 Bf8 12. Rc1 Nd4 13. Ne4 Nxf3+ 14. Bxf3 c6
15. Nc5 Rb8 16. d4 exd4 17. Qxd4 Qe7 18. Rfd1 Na8 19. e3 Nc7 20. h4 Nb5 21. Qf4
Qc7 22. Qc4 Be6 23. Nxe6 Rxe6 24. Bg4 Rd6 25. Rxd6 Nxd6 26. Qf4 Qe7 27. Rd1 Rd8
28. Qd4 f6 29. Qb6 Nf7 30. Rxd8 Nxd8 31. Qd4 Nf7 32. Qc4 Kh8 33. Qe6 Qxe6 34.
Bxe6 Nd8 35. Bc8 c5 36. bxc5 Bxc5 37. a4 a5 38. Kf1 b6 39. Ke2 Nf7 40. Bd4 Nd6
41. Be6 Bxd4 42. exd4 b5 43. axb5 Nxb5 44. Kd3 Nd6 45. Bd5 g6 46. Kc3 Kg7 47.
Kb3 Kf8 48. Bf3 Nf5 49. Kc4 a4 50. d5 a3 51. Kc3 Ke7 52. Bg2 Nd4 53. Bf1 Kd6
54. Bc4 Nf5 55. Kb3 Kc5 56. Bf1 Kxd5 57. Kxa3 Kd4 58. Kb2 Nd6 59. Kc1 Ne4 60.
Kd1 Nxf2+ 61. Ke2 Ne4 62. Bg2 Nxg3+ 63. Kf3 Nf5 64. h5 Nh4+ 0-1

[Event "Paul Keres mem. (45th) Online"]
[Site "chess.com"]
[Date "2021.05.23"]
[Round "4.5"]
[White "Guo, Veronica (Yu Han)"]
[Black "Wu, Jonathan"]
[Result "0-1"]
[WhiteElo "1665"]
[BlackElo "1911"]
[PlyCount "86"]
[EventDate "2021.05.22"]
[EventType "swiss (rapid)"]
[EventRounds "6"]
[EventCountry "CAN"]

1. d4 Nf6 2. Nf3 g6 3. Bf4 d5 4. e3 Bg7 5. h4 h5 6. Be2 c5 7. c3 cxd4 8. cxd4
Nc6 9. Nc3 O-O 10. Rc1 Bf5 11. Ne5 Ne4 12. Nxc6 bxc6 13. Nxe4 Bxe4 14. f3 Bf5
15. a3 Qb6 16. Qd2 a5 17. g4 hxg4 18. fxg4 Be4 19. Rh2 c5 20. Rxc5 e5 21. Rb5
Qe6 22. Bg3 Rfc8 23. Rf2 Rc2 24. Qd1 Rac8 25. Rc5 exd4 26. exd4 R8xc5 27. dxc5
Bxb2 28. Bf4 Rxc5 29. Qb3 Bc3+ 30. Kf1 Bd4 31. Rh2 Qf6 32. Qb8+ Kh7 33. Ke1 Rc2
34. Rh3 Bc3+ 35. Rxc3 Qxc3+ 36. Kf1 Qh3+ 37. Ke1 Qxh4+ 38. Bg3 Qh1+ 39. Bf1
Rc1+ 40. Kd2 Qxf1 41. Qb3 Rc2+ 42. Ke3 Qf3+ 43. Kd4 Qxb3 0-1

[Event "Paul Keres mem. (45th) Online"]
[Site "chess.com"]
[Date "2021.05.23"]
[Round "4.6"]
[White "Windram, James"]
[Black "Zhang, Raymond Tangning"]
[Result "0-1"]
[WhiteElo "1887"]
[BlackElo "1656"]
[PlyCount "70"]
[EventDate "2021.05.22"]
[EventType "swiss (rapid)"]
[EventRounds "6"]
[EventCountry "CAN"]

1. e4 e6 2. d4 d5 3. Nd2 c5 4. exd5 Qxd5 5. Ngf3 cxd4 6. Bc4 Qd6 7. O-O Nf6 8.
Nb3 Nc6 9. Nbxd4 Nxd4 10. Nxd4 a6 11. Re1 Qc7 12. Qd3 Bc5 13. Bg5 Ng4 14. g3
O-O 15. Rf1 b5 16. Bb3 Bb7 17. Rad1 Ne5 18. Bf4 Bxd4 19. Bxe5 Bxe5 20. c3 Rad8
21. Qe3 h6 22. Bc2 Bf6 23. Bd3 Qc6 24. f3 Be7 25. Kg2 Qc5 26. Qf4 Bg5 27. Qg4
f5 28. Qh5 e5 29. h4 Be7 30. Bxf5 Rxd1 31. Rxd1 Qe3 32. Rf1 Bc5 33. Kh3 Qe2 34.
Rg1 Bxg1 35. Qg6 Qf1+ 0-1

[Event "Paul Keres mem. (45th) Online"]
[Site "chess.com"]
[Date "2021.05.23"]
[Round "4.7"]
[White "Basko, Yauheni"]
[Black "Yang, Jingyun (Ryan)"]
[Result "0-1"]
[WhiteElo "1589"]
[BlackElo "1782"]
[PlyCount "100"]
[EventDate "2021.05.22"]
[EventType "swiss (rapid)"]
[EventRounds "6"]
[EventCountry "CAN"]

1. Nf3 d5 2. g3 c5 3. Bg2 Nc6 4. O-O e5 5. d3 Nf6 6. Nbd2 Be7 7. e4 dxe4 8.
dxe4 O-O 9. c3 Be6 10. Qe2 Qc7 11. Nh4 Rfd8 12. Nf5 Bf8 13. Nf3 a6 14. Bg5 Ne7
15. Bxf6 gxf6 16. N3h4 Ng6 17. Nf3 b5 18. b3 c4 19. b4 Rd3 20. Rfc1 a5 21. bxa5
Qxa5 22. h4 Rxc3 23. Rd1 Rd8 24. h5 Bxf5 25. exf5 Ne7 26. Nd2 Rcd3 27. Ne4 Bg7
28. Rxd3 Rxd3 29. Qg4 Kf8 30. h6 Bh8 31. Bh3 Qb6 32. Bf1 Rd4 33. Qf3 b4 34. Rb1
Qa5 35. g4 c3 36. g5 Qxa2 37. Rc1 Qa3 38. Rc2 Qa8 39. gxf6 Qxe4 40. fxe7+ Kxe7
41. Qxe4 Rxe4 42. Bd3 Rd4 43. Be2 e4 44. Kg2 Kd6 45. Kf1 Bf6 46. Bh5 Bg5 47.
Bxf7 Rd2 48. Rxd2+ Bxd2 49. Ke2 Bxh6 50. Bg8 c2 0-1

[Event "Paul Keres mem. (45th) Online"]
[Site "chess.com"]
[Date "2021.05.23"]
[Round "4.8"]
[White "Kagaoan, Jose"]
[Black "Caluza, Severo (Juni)"]
[Result "1-0"]
[WhiteElo "1755"]
[BlackElo "1615"]
[PlyCount "71"]
[EventDate "2021.05.22"]
[EventType "swiss (rapid)"]
[EventRounds "6"]
[EventCountry "CAN"]

1. e4 e5 2. Nf3 Nc6 3. Nc3 Bb4 4. Nd5 Bd6 5. c3 Nf6 6. d3 Nxd5 7. exd5 Ne7 8.
c4 c6 9. dxc6 dxc6 10. Be2 Ng6 11. O-O O-O 12. Qb3 b6 13. Be3 c5 14. Rfe1 Bb7
15. a4 Rb8 16. a5 bxa5 17. Qa3 Qc7 18. Qxa5 Qxa5 19. Rxa5 Bxf3 20. Bxf3 Rxb2
21. Rxa7 Nh4 22. Bd5 Nf5 23. Rea1 Ne7 24. Bf3 f5 25. Bg5 Rfb8 26. g3 Nc8 27.
Bd5+ Kh8 28. Rd7 h6 29. Bd8 Kh7 30. Ra6 Bf8 31. Bc7 Nb6 32. Bxb8 Nxd7 33. Bc7
Rb3 34. Be6 Rxd3 35. Bxf5+ Kh8 36. Bxd3 1-0

[Event "Paul Keres mem. (45th) Online"]
[Site "chess.com"]
[Date "2021.05.23"]
[Round "4.10"]
[White "Escandor, Manuel Omana"]
[Black "Parratt, Mark"]
[Result "1-0"]
[WhiteElo "1524"]
[BlackElo "1669"]
[PlyCount "68"]
[EventDate "2021.05.22"]
[EventType "swiss (rapid)"]
[EventRounds "6"]
[EventCountry "CAN"]

1. e4 c5 2. b3 Nc6 3. Bb2 d5 4. exd5 Qxd5 5. Nc3 Qd8 6. Nf3 Bg4 7. Be2 Nf6 8.
O-O e6 9. Re1 Bd6 10. h3 Bh5 11. d3 O-O 12. Ne4 Nxe4 13. dxe4 Qc7 14. Qd2 f6
15. Rad1 Bg6 16. Qxd6 Qf7 17. Bc4 Rfe8 18. Qd7 Re7 19. Qd2 a6 20. Qd6 Ne5 21.
Bxe5 fxe5 22. Nxe5 Qf6 23. Nxg6 hxg6 24. Re3 Ree8 25. e5 Qg5 26. Qxc5 b5 27.
Bd3 Rf8 28. Qc6 Rae8 29. Qe4 Rd8 30. Rde1 Rf5 31. Qc6 Rf4 32. Qxe6+ Kh8 33. Rg3
Qh4 34. Qxg6 Rdf8 1-0

[Event "Paul Keres mem. (45th) Online"]
[Site "chess.com"]
[Date "2021.05.23"]
[Round "4.11"]
[White "Kosinski, George"]
[Black "Jose, Marionito"]
[Result "1/2-1/2"]
[WhiteElo "1645"]
[BlackElo "1719"]
[PlyCount "110"]
[EventDate "2021.05.22"]
[EventType "swiss (rapid)"]
[EventRounds "6"]
[EventCountry "CAN"]

1. e4 c5 2. Nc3 Nc6 3. g3 e6 4. Bg2 g6 5. Nf3 Bg7 6. O-O e5 7. d3 Nge7 8. Nd2
O-O 9. Nc4 d6 10. Bg5 h6 11. Be3 Be6 12. Nd5 Kh7 13. a4 b6 14. c3 Rc8 15. Qd2
Bxd5 16. exd5 Nb8 17. Rfe1 a6 18. Na3 Rc7 19. c4 Nd7 20. Bh3 f5 21. f4 Ng8 22.
Bg2 Ngf6 23. h3 Rf7 24. Nc2 a5 25. Na3 Nb8 26. fxe5 dxe5 27. Nb5 Rcd7 28. Nc3
Na6 29. Re2 Qf8 30. Rf1 Ne8 31. Ref2 Nd6 32. b3 Nc7 33. Ne2 Nce8 34. Kh2 Nf6
35. Nc3 Nfe8 36. Rf3 Nc7 37. g4 fxg4 38. hxg4 Rxf3 39. Rxf3 Rf7 40. Rxf7 Qxf7
41. Ne4 Nce8 42. g5 h5 43. Qf2 Qxf2 44. Bxf2 Nxe4 45. Bxe4 Nd6 46. Kh3 Nxe4 47.
dxe4 Bf8 48. Kg2 Bd6 49. Kf3 Kg7 50. Ke2 Kf7 51. Kd3 Ke7 52. Bh4 Kd7 53. Be1
Be7 54. Bh4 Kd6 55. Ke2 Kd7 1/2-1/2

[Event "Paul Keres mem. (45th) Online"]
[Site "chess.com"]
[Date "2021.05.23"]
[Round "5.1"]
[White "Kenney, Jason"]
[Black "Huang, Patrick"]
[Result "0-1"]
[WhiteElo "2270"]
[BlackElo "2122"]
[PlyCount "88"]
[EventDate "2021.05.22"]
[EventType "swiss (rapid)"]
[EventRounds "6"]
[EventCountry "CAN"]

1. d4 Nf6 2. c4 e6 3. Nc3 Bb4 4. e3 O-O 5. Bd3 d6 6. Nge2 e5 7. O-O Bxc3 8.
Nxc3 Nc6 9. d5 Nb8 10. e4 a5 11. Bg5 h6 12. Bh4 g5 13. Bg3 Nbd7 14. Re1 Kg7 15.
a3 h5 16. f3 h4 17. Bf2 Nh5 18. b4 Nf4 19. Bf1 Nf6 20. c5 Rh8 21. cxd6 cxd6 22.
Na4 axb4 23. axb4 g4 24. Be3 gxf3 25. Bxf4 fxg2 26. Bg5 gxf1=Q+ 27. Rxf1 Rh6
28. Bxh6+ Kxh6 29. Qf3 Nh5 30. Qxf7 Nf4 31. Kh1 Bg4 32. Rxf4 exf4 33. Qxf4+ Qg5
34. Qxg5+ Kxg5 35. Ra2 h3 36. Kg1 Kf4 37. Kf2 Bf3 38. Nc3 Rg8 39. Ne2+ Bxe2 40.
Rxe2 Rg2+ 41. Kf1 Rxe2 42. Kxe2 Kxe4 43. Kf2 Kxd5 44. Kg3 Ke4 0-1

[Event "Paul Keres mem. (45th) Online"]
[Site "chess.com"]
[Date "2021.05.23"]
[Round "5.2"]
[White "Pan, Kane"]
[Black "Haessel, Dale"]
[Result "1/2-1/2"]
[WhiteElo "1348"]
[BlackElo "2055"]
[PlyCount "136"]
[EventDate "2021.05.22"]
[EventType "swiss (rapid)"]
[EventRounds "6"]
[EventCountry "CAN"]

1. e4 e5 2. Nf3 Nc6 3. Bb5 Nf6 4. O-O Nxe4 5. Re1 Nd6 6. Nxe5 Be7 7. Bf1 Nxe5
8. Rxe5 O-O 9. d4 Ne8 10. d5 c6 11. Nc3 d6 12. Re1 Nc7 13. dxc6 bxc6 14. Qf3 d5
15. Bf4 Ne6 16. Bg3 Bf6 17. Be5 Bxe5 18. Rxe5 Rb8 19. b3 Qd6 20. Ree1 Rb4 21.
Rad1 Nd4 22. Qd3 Bf5 23. Qg3 Qxg3 24. hxg3 Nxc2 25. Re7 Rd8 26. Bd3 Bxd3 27.
Rxd3 a5 28. Rf3 f6 29. Rc7 Re8 30. Rxc6 Nd4 31. Re3 Rxe3 32. Rc8+ Kf7 33. fxe3
Nf5 34. Nxd5 Rb5 35. Nf4 Nxe3 36. Kf2 Ng4+ 37. Kf3 Ne5+ 38. Ke2 Rb7 39. Ra8 Nc6
40. Kd3 Nb4+ 41. Kc4 Nxa2 42. Rxa5 Nc1 43. b4 g5 44. Nd5 Ne2 45. g4 Ng3 46. Rb5
Rd7 47. Kc5 Ne4+ 48. Kc6 Rd6+ 49. Kc7 Ke6 50. Ne3 Rd3 51. Nf5 Rc3+ 52. Kb6 Rc1
53. Ka5 Ra1+ 54. Kb6 Ra2 55. g3 Rb2 56. Kc7 Rc2+ 57. Kd8 Rd2+ 58. Ke8 Nd6+ 59.
Nxd6 Kxd6 60. Kf7 Rd4 61. Kxf6 Rxg4 62. Rxg5 Rxb4 63. Kg7 Rb7+ 64. Kh6 Ke6 65.
Rg7 Rb1 66. Kxh7 Kf6 67. g4 Rh1+ 68. Kg8 Rg1 1/2-1/2

[Event "Paul Keres mem. (45th) Online"]
[Site "chess.com"]
[Date "2021.05.23"]
[Round "5.3"]
[White "Kot, Emanuel"]
[Black "Kagaoan, Jose"]
[Result "0-1"]
[WhiteElo "1975"]
[BlackElo "1755"]
[PlyCount "62"]
[EventDate "2021.05.22"]
[EventType "swiss (rapid)"]
[EventRounds "6"]
[EventCountry "CAN"]

1. e4 g6 2. d4 Nf6 3. f3 e5 4. dxe5 Nxe4 5. g3 Nc5 6. Ne2 Nc6 7. f4 d6 8. exd6
Bxd6 9. Bg2 O-O 10. O-O Bg4 11. Nbc3 Re8 12. Bf3 Bxf3 13. Rxf3 Ne4 14. Nxe4
Rxe4 15. Kf1 Qd7 16. Bd2 Qh3+ 17. Kg1 Rd8 18. Rd3 Rde8 19. Nc3 Bc5+ 20. Kh1
R4e6 21. a3 Bf2 22. Qf1 Re1 23. Rxe1 Rxe1 24. Qxe1 Bxe1 25. Kg1 Bxd2 26. Rxd2
Qf5 27. Nd5 Kg7 28. Kf2 Ne7 29. Ne3 Qc5 30. Kf3 Nf5 31. Ng4 h5 0-1

[Event "Paul Keres mem. (45th) Online"]
[Site "chess.com"]
[Date "2021.05.23"]
[Round "5.4"]
[White "Zhang, Joyce"]
[Black "Wu, Jonathan"]
[Result "0-1"]
[WhiteElo "1611"]
[BlackElo "1911"]
[PlyCount "118"]
[EventDate "2021.05.22"]
[EventType "swiss (rapid)"]
[EventRounds "6"]
[EventCountry "CAN"]

1. e4 c6 2. d4 d5 3. Nd2 dxe4 4. Nxe4 Bf5 5. Ng3 Bg6 6. h4 h6 7. Nf3 Nd7 8. h5
Bh7 9. Bd3 Bxd3 10. Qxd3 e6 11. Bd2 Ngf6 12. O-O-O Be7 13. Kb1 O-O 14. Rde1 c5
15. Ne4 cxd4 16. Qxd4 Qb6 17. Nxf6+ Bxf6 18. Qxb6 Nxb6 19. g4 Nc4 20. Bc1 Rfd8
21. b3 Nb6 22. g5 hxg5 23. Nxg5 Nd5 24. Ne4 Nc3+ 25. Nxc3 Bxc3 26. Reg1 Rd5 27.
Rg3 Be5 28. f4 Bf6 29. h6 g6 30. c4 Rd7 31. Rh5 Kh7 32. Rh1 Rad8 33. Kc2 a6 34.
Rgh3 b5 35. cxb5 Rc8+ 36. Kb1 axb5 37. R3h2 Rdc7 38. b4 Rc4 39. a3 Rd4 40. Rh3
Rcc4 41. Rf3 Be7 42. Rhf1 Bd6 43. f5 exf5 44. Bb2 Rd2 45. Bc3 Rd5 46. Re1 Rc8
47. Bf6 f4 48. Bg7 g5 49. Rg1 Be5 50. Rff1 Bxg7 51. hxg7 Rc4 52. Rh1+ Kxg7 53.
Re1 g4 54. Rh4 Rg5 55. Rg1 g3 56. Rh3 Rc6 57. Rh4 Rf6 58. Rh3 Rh6 59. Rxh6 Kxh6
0-1

[Event "Paul Keres mem. (45th) Online"]
[Site "chess.com"]
[Date "2021.05.23"]
[Round "5.5"]
[White "Yang, Jingyun (Ryan)"]
[Black "Escandor, Manuel Omana"]
[Result "1-0"]
[WhiteElo "1782"]
[BlackElo "1524"]
[PlyCount "129"]
[EventDate "2021.05.22"]
[EventType "swiss (rapid)"]
[EventRounds "6"]
[EventCountry "CAN"]

1. e4 b6 2. d4 Bb7 3. Bd3 e6 4. Nf3 Nf6 5. Nbd2 Bb4 6. c3 Be7 7. O-O O-O 8. Re1
h6 9. Nf1 Nh7 10. Ng3 d6 11. Qc2 Ng5 12. Nxg5 Bxg5 13. e5 Nd7 14. exd6 cxd6 15.
Be4 Bxe4 16. Nxe4 Bxc1 17. Raxc1 d5 18. Nd2 Qg5 19. Nf3 Qf4 20. Ne5 Nf6 21. f3
Rac8 22. Qf2 Rc7 23. g3 Qf5 24. g4 Qf4 25. Nd3 Qd6 26. Ne5 Nd7 27. f4 Nf6 28.
h4 Ne4 29. Qf3 Qe7 30. g5 hxg5 31. hxg5 Re8 32. Qh5 g6 33. Qh3 Qf8 34. Kg2 Qg7
35. Ng4 Kf8 36. Rh1 Ke7 37. Qh7 Qxh7 38. Rxh7 Kd6 39. Ne5 Rf8 40. Rch1 Nd2 41.
Rg7 Nc4 42. Nxc4+ Rxc4 43. Rhh7 Rc7 44. Kf3 a5 45. a4 Rc4 46. Rxf7 Rxf7 47.
Rxf7 Rxa4 48. Rb7 Kc6 49. Rg7 Ra2 50. Rxg6 Rxb2 51. Rxe6+ Kd7 52. Re2 Rb1 53.
Ra2 Ke6 54. Re2+ Kf5 55. Re5+ Kg6 56. Re6+ Kf7 57. Re2 Rb3 58. Kg4 a4 59. Kf5
a3 60. g6+ Kg7 61. Re7+ Kf8 62. Kf6 Rxc3 63. g7+ Kg8 64. Re8+ Kh7 65. Rh8# 1-0

[Event "Paul Keres mem. (45th) Online"]
[Site "chess.com"]
[Date "2021.05.23"]
[Round "5.6"]
[White "Zhang, Raymond Tangning"]
[Black "Brown, Gabriel"]
[Result "1/2-1/2"]
[WhiteElo "1656"]
[BlackElo "2053"]
[PlyCount "96"]
[EventDate "2021.05.22"]
[EventType "swiss (rapid)"]
[EventRounds "6"]
[EventCountry "CAN"]

1. d4 Nf6 2. Bf4 g6 3. e3 Bg7 4. Nf3 O-O 5. h3 d5 6. Nbd2 c5 7. c3 Nc6 8. Bd3
Nd7 9. Be2 e5 10. dxe5 Ndxe5 11. Nxe5 Nxe5 12. Nf3 Nxf3+ 13. Bxf3 Be6 14. O-O
Qb6 15. Qb3 Qxb3 16. axb3 b5 17. Ra5 b4 18. Rxc5 bxc3 19. bxc3 Rac8 20. Rxc8
Rxc8 21. Rd1 Bxc3 22. Bxd5 Rd8 23. e4 Kg7 24. Rc1 Bb2 25. Rc5 Bxd5 26. Rxd5
Rxd5 27. exd5 Kf6 28. Kf1 Kf5 29. Bb8 a6 30. Ke2 Be5 31. g4+ Kf6 32. Ba7 Bb2
33. Kd3 Ke5 34. Kc4 h5 35. Bb8+ Kf6 36. d6 Ke6 37. Kc5 Kd7 38. Kb6 Bd4+ 39.
Kxa6 Bxf2 40. b4 f5 41. gxf5 gxf5 42. b5 f4 43. Bc7 f3 44. b6 Bg3 45. b7 f2 46.
b8=Q f1=Q+ 47. Qb5+ Qxb5+ 48. Kxb5 Bxd6 1/2-1/2

[Event "Paul Keres mem. (45th) Online"]
[Site "chess.com"]
[Date "2021.05.23"]
[Round "5.7"]
[White "Tang, Edward"]
[Black "Qin, Kaiqi"]
[Result "1-0"]
[WhiteElo "1697"]
[BlackElo "1621"]
[PlyCount "67"]
[EventDate "2021.05.22"]
[EventType "swiss (rapid)"]
[EventRounds "6"]
[EventCountry "CAN"]

1. d4 d5 2. c4 e6 3. Nc3 Nf6 4. cxd5 exd5 5. Bg5 Be7 6. e3 O-O 7. Bd3 Be6 8.
Nge2 c6 9. O-O Nbd7 10. f3 Rc8 11. Kh1 c5 12. Bh4 c4 13. Bc2 a6 14. a4 Re8 15.
Bf2 Qb6 16. Qd2 Bb4 17. e4 Nf8 18. e5 N6d7 19. f4 f5 20. g4 fxg4 21. f5 Bf7 22.
Rg1 Nxe5 23. dxe5 Qxf2 24. Raf1 Qc5 25. e6 Bh5 26. Nd4 h6 27. h3 Re7 28. hxg4
Be8 29. g5 hxg5 30. Rxg5 Nh7 31. f6 Nxg5 32. Qxg5 Qxd4 33. fxe7 Bxc3 34. Rf8#
1-0

[Event "Paul Keres mem. (45th) Online"]
[Site "chess.com"]
[Date "2021.05.23"]
[Round "5.8"]
[White "Wang, Steven"]
[Black "Mok, Gillian"]
[Result "1-0"]
[WhiteElo "1660"]
[BlackElo "1556"]
[PlyCount "57"]
[EventDate "2021.05.22"]
[EventType "swiss (rapid)"]
[EventRounds "6"]
[EventCountry "CAN"]

1. e4 e5 2. Nf3 Nc6 3. Bc4 Bc5 4. c3 Nf6 5. d4 exd4 6. e5 Qe7 7. cxd4 Bb4+ 8.
Nc3 Ne4 9. Qc2 Nxc3 10. bxc3 Ba5 11. O-O h6 12. a4 O-O 13. Re1 d6 14. Bxh6 Be6
15. Bg5 Qe8 16. d5 Nxe5 17. dxe6 fxe6 18. Nxe5 dxe5 19. Rxe5 Bb6 20. Rxe6 Qxe6
21. Bxe6+ Kh8 22. Be3 Bxe3 23. fxe3 Rae8 24. Qg6 Rxe6 25. Qxe6 g6 26. Qxg6 c5
27. Rd1 c4 28. Rd5 b5 29. Rh5# 1-0

[Event "Paul Keres mem. (45th) Online"]
[Site "chess.com"]
[Date "2021.05.23"]
[Round "5.9"]
[White "Liu, Zachary"]
[Black "Windram, James"]
[Result "1/2-1/2"]
[WhiteElo "1569"]
[BlackElo "1887"]
[PlyCount "153"]
[EventDate "2021.05.22"]
[EventType "swiss (rapid)"]
[EventRounds "6"]
[EventCountry "CAN"]

1. e4 c5 2. Nf3 Nc6 3. d4 cxd4 4. Nxd4 Nf6 5. Nc3 d6 6. Bb5 Bd7 7. Nxc6 bxc6 8.
Bc4 g6 9. Be3 Bg7 10. O-O O-O 11. h3 Rb8 12. Bb3 c5 13. f4 Qc7 14. Qd3 Bc6 15.
Rae1 a5 16. a4 Rb4 17. e5 dxe5 18. fxe5 Qxe5 19. Bd2 Qc7 20. Ne2 c4 21. Bxc4
Be4 22. Qa3 Rxc4 23. c3 Qc5+ 24. Qxc5 Rxc5 25. Nd4 Bc6 26. Nxc6 Rxc6 27. Rxe7
Rb8 28. b4 axb4 29. cxb4 Rc2 30. Be1 Re8 31. Rxe8+ Nxe8 32. b5 Nd6 33. Bb4 Bd4+
34. Kh2 Bc5 35. Bxc5 Rxc5 36. Rb1 Nb7 37. Ra1 Na5 38. b6 Rc8 39. Rb1 Rb8 40.
Rb5 Nb7 41. a5 Nxa5 42. Rxa5 Rxb6 43. Ra8+ Kg7 44. Ra2 g5 45. Ra5 Kg6 46. Ra3
h5 47. Rd3 Rb2 48. Rc3 f6 49. Rf3 Re2 50. Ra3 Kf5 51. Rf3+ Ke5 52. Kg1 g4 53.
Ra3 Kf4 54. g3+ Kf5 55. hxg4+ Kxg4 56. Kf1 Rb2 57. Kg1 Kh3 58. Rf3 Rb6 59. Kf1
Kg4 60. Ra3 f5 61. Kg2 Rb2+ 62. Kg1 Rb1+ 63. Kg2 Re1 64. Kf2 Re6 65. Ra4+ Kg5
66. Kf3 Re4 67. Ra8 Rb4 68. Rg8+ Kf6 69. Rh8 Rb3+ 70. Kf4 Rb4+ 71. Kf3 Kg6 72.
Rg8+ Kf7 73. Rh8 Kg6 74. Rg8+ Kh7 75. Rg5 Kh6 76. Rxf5 Kg6 77. Ra5 1/2-1/2

[Event "Paul Keres mem. (45th) Online"]
[Site "chess.com"]
[Date "2021.05.23"]
[Round "5.10"]
[White "Jose, Marionito"]
[Black "Basko, Yauheni"]
[Result "0-1"]
[WhiteElo "1719"]
[BlackElo "1589"]
[PlyCount "70"]
[EventDate "2021.05.22"]
[EventType "swiss (rapid)"]
[EventRounds "6"]
[EventCountry "CAN"]

1. e4 g6 2. d4 Bg7 3. Nc3 d6 4. Bc4 Nf6 5. Qe2 e5 6. dxe5 dxe5 7. Bd2 O-O 8.
O-O-O c6 9. f3 Nbd7 10. g4 Qe7 11. h4 h5 12. gxh5 Nxh5 13. Rh2 b5 14. Bb3 a5
15. a4 Nc5 16. Ba2 bxa4 17. Rg2 Rb8 18. Rxg6 Be6 19. Rxg7+ Kxg7 20. Bxe6 Nxe6
21. Nh3 Nef4 22. Rg1+ Kh8 23. Nxf4 Nxf4 24. Bxf4 exf4 25. Rg5 Rg8 26. Rh5+ Kg7
27. Nxa4 Kf8 28. Qe1 Qb4 29. Qxb4+ Rxb4 30. Rxa5 Rg3 31. c3 Rb5 32. Ra6 Rxf3
33. Rxc6 Re3 34. Nc5 Ke7 35. h5 f3 0-1

[Event "Paul Keres mem. (45th) Online"]
[Site "chess.com"]
[Date "2021.05.23"]
[Round "6.1"]
[White "Qiu, Peter Yong"]
[Black "Yang, Jingyun (Ryan)"]
[Result "1-0"]
[WhiteElo "2025"]
[BlackElo "1782"]
[PlyCount "63"]
[EventDate "2021.05.22"]
[EventType "swiss (rapid)"]
[EventRounds "6"]
[EventCountry "CAN"]

1. e4 e5 2. Nf3 Nc6 3. Bb5 a6 4. Ba4 Nf6 5. d3 b5 6. Bb3 Bc5 7. O-O d6 8. c3
Bb6 9. a4 Rb8 10. Nbd2 O-O 11. axb5 axb5 12. Re1 Bg4 13. h3 Bh5 14. Nf1 Bg6 15.
Ng3 Nh5 16. Nf5 Bxf5 17. exf5 Ng3 18. Bg5 Qc8 19. f6 Nf5 20. Bd5 Nd8 21. g4
gxf6 22. Bxf6 Ng7 23. Qd2 Nde6 24. Qh6 Ne8 25. Be7 N8g7 26. Ng5 Nxg5 27. Qxg5
h6 28. Qxh6 Re8 29. Bf6 Nf5 30. gxf5 Bxf2+ 31. Kh1 Bxe1 32. Qg7# 1-0

[Event "Paul Keres mem. (45th) Online"]
[Site "chess.com"]
[Date "2021.05.23"]
[Round "6.2"]
[White "Huang, Patrick"]
[Black "Pan, Kane"]
[Result "0-1"]
[WhiteElo "2122"]
[BlackElo "1348"]
[PlyCount "138"]
[EventDate "2021.05.22"]
[EventType "swiss (rapid)"]
[EventRounds "6"]
[EventCountry "CAN"]

1. d4 Nf6 2. Bf4 g6 3. Nc3 d5 4. e3 Bg7 5. h4 h5 6. Nf3 O-O 7. Be2 c5 8. Ne5
cxd4 9. exd4 Nc6 10. Qd2 Bf5 11. a3 Ne4 12. Nxe4 dxe4 13. Nxc6 bxc6 14. c3 Qd5
15. f3 c5 16. dxc5 Qxc5 17. Be3 Qc6 18. Bh6 Rab8 19. Bxg7 Kxg7 20. Qd4+ f6 21.
c4 exf3 22. Bxf3 Qe6+ 23. Kf2 Rfd8 24. Bd5 Bg4 25. Rhe1 Qd7 26. Qc3 e6 27. Bf3
Qd2+ 28. Re2 Qxc3 29. bxc3 e5 30. Bxg4 hxg4 31. Ke3 f5 32. g3 Rb3 33. Rc2 Kh6
34. a4 g5 35. hxg5+ Kxg5 36. a5 a6 37. Ra4 Rd1 38. c5 f4+ 39. gxf4+ exf4+ 40.
Rxf4 Re1+ 41. Kd2 Rbb1 42. Rxg4+ Kxg4 43. Kd3 Rbd1+ 44. Kc4 Kf5 45. c6 Ke6 46.
Kc5 Rd5+ 47. Kb6 Rb1+ 48. Kc7 Rxa5 49. Re2+ Re5 50. Rd2 Rd5 51. Re2+ Re5 52.
Rd2 Rc5 53. Rd6+ Ke7 54. Rd7+ Ke8 55. Rd8+ Ke7 56. Rd7+ Ke6 57. Rd6+ Ke5 58.
Kd7 Rd5 59. Rxd5+ Kxd5 60. c7 Rb7 61. Kd8 Rxc7 62. Kxc7 a5 63. Kb6 a4 64. Kb5
a3 65. c4+ Ke6 66. c5 a2 67. c6 a1=Q 68. c7 Qc3 69. Kb6 Kd7 0-1

[Event "Paul Keres mem. (45th) Online"]
[Site "chess.com"]
[Date "2021.05.23"]
[Round "6.3"]
[White "Kagaoan, Jose"]
[Black "Kenney, Jason"]
[Result "0-1"]
[WhiteElo "1755"]
[BlackElo "2270"]
[PlyCount "62"]
[EventDate "2021.05.22"]
[EventType "swiss (rapid)"]
[EventRounds "6"]
[EventCountry "CAN"]

1. e4 c6 2. Bc4 d5 3. Bb3 dxe4 4. Nc3 Nf6 5. f3 exf3 6. Nxf3 Bf5 7. d4 e6 8.
O-O Nbd7 9. Ng5 Bg6 10. Qe2 h6 11. Nh3 Bd6 12. Bf4 Qe7 13. Rad1 O-O-O 14. Bxd6
Qxd6 15. Nf4 Bf5 16. h3 h5 17. d5 Qc5+ 18. Kh1 Bg4 19. hxg4 hxg4+ 20. Nh3 gxh3
21. dxe6 hxg2+ 22. Kxg2 Qg5+ 23. Kf2 Rh2+ 24. Ke1 Rxe2+ 25. Nxe2 fxe6 26. Bxe6
Qe5 27. Bh3 Kc7 28. c3 Qe3 29. Bg2 Re8 30. Rd2 Qg3+ 31. Rf2 Ng4 0-1

[Event "Paul Keres mem. (45th) Online"]
[Site "chess.com"]
[Date "2021.05.23"]
[Round "6.4"]
[White "Zhang, Raymond Tangning"]
[Black "Haessel, Dale"]
[Result "1/2-1/2"]
[WhiteElo "1656"]
[BlackElo "2003"]
[PlyCount "56"]
[EventDate "2021.05.22"]
[EventType "swiss (rapid)"]
[EventRounds "6"]
[EventCountry "CAN"]

1. d4 Nf6 2. Bf4 d5 3. e3 c5 4. c3 Nc6 5. Nf3 Qb6 6. Qb3 c4 7. Qxb6 axb6 8. Na3
Bf5 9. Nh4 e6 10. Nxf5 exf5 11. Nb5 Kd7 12. Be2 Ra5 13. a4 Be7 14. O-O Ne4 15.
Rfd1 Rha8 16. Nc7 Rc8 17. Nb5 g5 18. Bg3 Rca8 19. f3 Nxg3 20. hxg3 Rxa4 21.
Rxa4 Rxa4 22. e4 dxe4 23. Bxc4 Rxc4 24. b3 Rb4 25. cxb4 Nxb4 26. fxe4 fxe4 27.
g4 Bf6 28. Rf1 Ke6 1/2-1/2